000
00241nam a2200097Ia 4500
008
120527s9999 xx 000 0 und d
100
_a
COUPER,Heather.
245
_a
Mars the inside story of the red planet.
260
_b
Headline
942
_c
BK
999
_c
23712
_d
23712